00545nam a2200205 a 4500001001300000003000900013005001700022008004100039020001000080082001700090100001700107245004200124260003500166300000900201500003500210505002900245650002100274650002700295700001700322nice12345678IN_TiNIC20260116013808.0050524s1995 dela grp 000 0 eng  ac37500a345.954bDIW aDiwan, Paras aDowry and Protection to Married Woman aDelhibDeep and Deep Pubc1995 a369p aincludes index and biblioraphy2 avol.Nos. X and XIII only aWomen-India-Laws aDowry Prohibition Acts1 aDiwan, Paras